| 000 | 00486nam a2200217Ia 4500 | ||
|---|---|---|---|
| 003 | IT-RoPAU | ||
| 008 | 120407s9999 xx 000 0 und d | ||
| 040 | _aIT-RoPAU | ||
| 040 | _cIT-RoPAU | ||
| 041 | _aita | ||
| 100 | _aTecla Merlo | ||
| 245 | _a"Un cuor solo un’anima sola. Conferenze-meditazioni 1954- 1963." | ||
| 250 | _aRoma | ||
| 260 | _aEdizioni Paoline | ||
| 260 | _c1993 | ||
| 300 | _a765 p. | ||
| 300 | _c21 cm | ||
| 490 | _v1 | ||
| 942 | _cBK | ||
| 999 |
_c36666 _d36666 |
||